00294 a2200121 4500003000500000005001700005040000900022082001100031245006300042505003000105650002100135651001600156Nust20170207154601.0 cNust a025.34 aWhat to say : Units : 11-15, side 1: units: 16-20, side 2  aAlmirah No.73 shelf No.6  aEnglish learning aWhat to say